000 01164nam a2200301 a 4500
001 000042796
005 20240530073936.0
008 140210s2006 dr 001 e spa d
020 _a994585531X
040 _aDO-SdBNP
_bspa
_cBNPHU
082 _aRD863.5
_bH936h
100 1 _aHungría, Jimmy,
_d1956-
_91196
245 1 0 _aHelados que el tiempo derritió y otros artículos :
_b(1994-2003) /
_cJimmy Hungría.
260 _aSanto Domingo :
_bVetas,
_c2006.
300 _a414 p. ;
_c27 cm.
490 1 _aColección Voluntad
_v5
650 0 _aEnsayos dominicanos
_965
650 4 _aVida cultural
_zRepública Dominicana
_vENSAYOS, CONFERENCIAS, ETC.
_91197
650 0 _aLiteratura dominicana.
_967
650 4 _aDiarios dominicanos
_xSecciones, columnas, etc.
_944
651 4 _aRepública Dominicana
_xVida Social Y Costumbres
_vENSAYOS, CONFERENCIAS, ETC.
_91198
730 0 _aListín Diario (República Dominicana)
_91199
730 0 _aRevista Cultural Vetas (República Dominicana)
_91200
730 0 _aEn la Gatera (República Dominicana)
_970139
830 0 _aColección Voluntad
_n5
_970140
910 _aValidado. Control de calidad EMS.
049 _aBNPD
999 _c42285
_d42285